000 00369cam a2200145ua 4500
041 _aeng
_h
082 _a826
_bSWI/JO
100 _aSwift, Jonathan .
245 _aJournal to steela, vol-1 /
_cJonathan swift.
_hTextual Documents
260 _aLondon :
_bOxford at the Clarendon Press ,
_c1963.
300 _a ; .
504 _a
942 _cBK
999 _c4723
_d4723